01432nam a22002897a 4500999001700000003000900017005001700026008004100043020001800084020001500102040004300117082001700160100002800177245042600205264006900631300002300700336002600723337002800749338002700777504005100804650003600855653002400891655002400915700002500939942001200964952016600976 c28138d28109EG-ScBUE20200218110901.0200218s2016 ii f b 001 0 eng d a9789350567227 a9350567229 aEG-ScBUEbengerdacEG-ScBUEdEG-ScBUE04a540bISH2221 aIshaq, Fouzia,eauthor.10aFundamentals of environmental chemistry /cby Dr. Fouzia Ishaq, principal investigator, DST Project (Dept. of Science and Technology), Women Scientist Scheme (WOS-A), Dept. of Zoology & Environmental Science, Gurukula Kangri University, Haridwar (Uttarakhand) (India), Dr. Amir Khan, senior assistant professor, Glocal School of Life Sciences, The Glocal University (GU), Mirzapur Pol, Saharanpur-247 001 (U. P.) (India). 1aNew Delhi, India :bDiscovery Publishing House Pvt. Ltd.,c2016. a380 pages ;c24 cm 2rdacontentatextbtxt 2rdamediaaunmediatedbn 2rdacarrieravolumebnc aIncludes bibliographical references and index. 7aEnvironmental chemistry.2BUEsh bPPhrmcFebruary2020 vReading book9342321 aKhan, Amir,eauthor. 2ddccBB 00102ddc40708Academic Science HouseaMAINbMAINc1STd2020-02-18ePurchaseg1050.00h994l0o540 ISHp000048741r2025-07-15 00:00:00v1312.50w2020-02-18yBB